Quiz Friends (expert) - Statistiques

Statistiques générales
  • Ce quiz a été pris 2 150 fois
  • Le résultat moyen est 7 sur 15
Statistiques - réponses
Question Réponse % Correct
Nombre de pages de la lettre de Rachel à Ross 18
86%
Ville où David part travailler Minsk
81%
Couleur de la chemise de Ross oubliée chez Mona saumon
73%
Personnage fantasme de Ross Princesse Leia
65%
Nom du colocataire de Chandler (saison 2) Eddie
58%
Numéro de la porte de Monica (premiers episodes) 5
57%
Nom du magazine dans lequel une blague de Chandler est publiée Playboy
51%
Franchise NBA favorite de Joey et Chandler Knicks
41%
Lieu de la lune de miel de Ross et Emily Athenes
39%
Nom de l'ami imaginaire de Joey (cow-boy de l'espace) Maurice
27%
Nom du concierge de l'immeuble Treeger
27%
Nom de l'aéroport où Rachel part pour Paris Newark
23%
Prénom du père de Chandler Charles
21%
Nom de famille d'Emily Waltham
21%
Lieu de la maison où Monica et Chandler veulent emménager Westchester
15%
Aucun quiz correspondant
Distribution des résultats
% des personnes avec chaque résultat
Percentile par nombre de réponses
Votre historique - résultats
Vous n’avez pas pris ce quiz